000 00438cam a2200181ua 4500
020 _c2.25
041 _ahin
_h
082 _a891.54
_bHAM/BA
100 _aHamskumar, Tiwari .
245 _aBangal aur uska sahitya /
_cHamskumar tiwari.
_hTextual Documents
250 _a1 /
_b.
260 _aDelhi :
_bRajkamal Prakashan ,
_c1963.
300 _a146 ; .
365 _a2.25
504 _a
942 _cBK
999 _c8479
_d8479